00549nam a2200133Ia 4500008004100000100002400041245012200065245007600187260005300263260001500316300000800331650001500339856006100354170221s9999 xx 000 0 und d aNaseebullah Langove 4aThe Mediating Effect of Employee well-being in relation to Role Stressors and Turnover Intention: A Conceptual Study  cNaseebullah Langove, Ahmad Shahrul Nizam B. Isha, Muhammad Umair Javaid bInternational Review of Management and Marketing cApril 2012 a1:1 xMarketing. uhttp://www.econjournals.com/index.php/irmm/issue/view/77